Statistics for Countries which Simpson have visited

Click here to take the quiz!

General Stats

  • This quiz has been taken 9 times
  • The average score is 13 of 18

Answer Stats

HintAnswer% Correct
In this episode Lisa sponsored a orphan named RonaldoBrazil
100%
Simpsons have been here many timesCanada
100%
They have been here many timesChina
100%
Homer "visited" a nuclear power expo hereFrance
100%
Krusty the Clown has been into this countryMexico
100%
In the episode The Regina monologues. They went hereUnited kingdom
100%
They are form hereUSA
100%
In the episode they went here. Mr burns tried to buy a island hereCuba
88%
Homer has been here twiceIndia
88%
Mr. Burns got a new lamborgini in the episode they got hereItaly
88%
Homer managed to find really cheap tickets hereJapan
88%
Bart went here to apologize the people from hereAustralia
75%
The Simpsons took homers dad hereIreland
75%
Homer went here whit Ned FlandersIsrael
38%
Simpsons went here whit Krusty the clownNetherlands
38%
Simpsons visited this country in the episode: Lost VerizonPeru
38%
Bart faked a virus outbreak in the episode they went here (not a country)Antartica
13%
Homer won a family vacation hereTanzania
13%

Score Distribution

Percentile by Number Answered

Percent of People with Each Score

Your Score History

You have not taken this quiz